| 000 | 00497nam a22001457a 4500 | ||
|---|---|---|---|
| 008 | 140218b xxu||||| |||| 00| 0 eng d | ||
| 020 | _a9780824526788 | ||
| 050 | _aBT202.057 2011 | ||
| 100 |
_aO'Murchu, Diarmuid _98743 |
||
| 245 |
_aChristianity's Dangerous Memory _bA rediscovery of the Revolutionary Jesus / _cDiarmuid O'Murchu |
||
| 260 |
_aNew York _bThe Crossroad Publishing Company _c2011 |
||
| 300 |
_a216p.: _c23cm. |
||
| 650 |
_aJesus Christ _xPerson _98744 |
||
| 942 |
_2lcc _cMONOGRAPH _02 |
||
| 999 |
_c120081 _d120081 |
||